01060nam a2200205 i 450000100060000000300090000600500170001500700030003200800410003524502810007626000990035730000350045665000520049170000440054371000580058771000480064585200220069399900170071595201220073226165ES-MaACL20230906153409.0t|030108s1966 sp ||||1| spa d00aAspectos económicos del cine español b: período 1953 a 1965 / c[trabajo del Servicio Sindical de Estadística ; elaboración a cargo del Servicio de Estadística en el Sindicato Nacional del Espectáculo ; dirección y comentarios, Ramón del Valle Fernández]. aMadrid : bEdiciones y Publicaciones Populares : bServicio Sindical de Estadística, c1966. a240 p. : bil. ; c21 x 25 cm. 4aIndustria cinematográfica-zEspaña.91645091 aValle Fernández, Ramón del.91127882 aServicio Sindical de Estadística (España)91645102 aSindicato Nacional del Espectáculo.96610 aES-MaACLjC-31101 c26165d26165 00104070aATENEOMbATENEOMcDEPO2d2008-01-17eSCl0oC-31101p1027002r2023-02-23 00:00:00w2023-02-23yMONOGRAFIA